Library Banner

Hindu mythology / (Record no. 94089)

MARC details
000 -LEADER
fixed length control field 00509cam a2200193u 4500
001 - CONTROL NUMBER
control field 7773091
005 - DATE AND TIME OF LATEST TRANSACTION
control field 20170527102654.0
008 - FIXED-LENGTH DATA ELEMENTS--GENERAL INFORMATION
fixed length control field 821001s1882 ii a a 000 0 eng
020 ## - INTERNATIONAL STANDARD BOOK NUMBER
International Standard Book Number 9788129129819
040 ## - CATALOGING SOURCE
Transcribing agency PK-LaUMT
082 ## - DEWEY DECIMAL CLASSIFICATION NUMBER
Classification number 294.5
Item number WIK-H
100 1# - MAIN ENTRY--PERSONAL NAME
Personal name Wilkins, W. J.
245 10 - TITLE STATEMENT
Title Hindu mythology /
Statement of responsibility, etc W. J. Wikins
260 ## - PUBLICATION, DISTRIBUTION, ETC. (IMPRINT)
Place of publication, distribution, etc New Delhi :
Name of publisher, distributor, etc Rupa Publications
Date of publication, distribution, etc 2013
300 ## - PHYSICAL DESCRIPTION
Extent 464 p.
Other physical details incl. front., illus.
Dimensions 20 cm.
650 #0 - SUBJECT ADDED ENTRY--TOPICAL TERM
Topical term or geographic name as entry element Hindu mythology.
650 #0 - SUBJECT ADDED ENTRY--TOPICAL TERM
Topical term or geographic name as entry element Hindu legends.
942 ## - ADDED ENTRY ELEMENTS (KOHA)
Koha item type Books
Holdings
Withdrawn status Lost status Damaged status Home library Current library Date acquired Full call number Barcode Date last seen Price effective from Koha item type
      UMT Main Campus UMT Main Campus 2017-05-27 294.5 WIK-H 109054 2025-03-26 2017-05-27 Books